000 00961nam a2200277Ia 4500
005 20220316235226.0
008 121119s1999 sp a 000 0 spa
020 _a848733072X
041 0 _aspa
082 0 4 _a792.82
_bA77A
100 1 _aViciana Garofano, Virginia,
245 1 4 _aLas actividades coreográficas en la escuela
_bdanzas, bailes, funky, gimnasia-jazzu
_cVirginia Viciana Garofano
250 _aPrimera edición
264 _aZaragoza
_bINDE Publicaciones
_c1999
300 _a243 páginas
_bilustraciones
_c24 cm.
336 _atexto
_btxt
_2rdacontent
337 _asin mediación
_bn
_2rdamedia
338 _avolumen
_bnc
_2rdacarrier
490 0 _aLa educación física en reforma
650 1 4 _2LEMB
_aCoreografía
_vEnseñanza elemental
650 1 4 _2LEMB
_aDanza
_vEnseñanza
650 1 4 _2LEMB
_aGimnasia rítmica
_vEnseñanza
650 1 4 _2LEMB
_aExpresión corporal
_vEnseñanza
942 _2ddc
_cBK
040 _aCO-BoRNBP
_bspa
_erda
_cCO-BoRNBP
999 _c284
_d284